00790nam a2200193Ia 4500001000700000003000500007008004100012010001100053040000900064100003500073245021400108260004100322300001100363502007600374650004600450650003600496650003600532650002800568Z_2139CHAP220113s1995 xx 000 0 und d a163564 cCHAP aTorres Barrientos, José Luis aDeficiencias más frecuentes en la formulación de proyectos agropecuarios de crédito, repercusión en la falta de pago a los bancos y recomendaciones para evitarlas /cpor José Luis Torres Barrientos aChapingo, Méx. :bEl autor,c1995 a186 h. aTesis (Ing. Agr. Esp. en Zootecnia) -- UACH. Departamento de Zootecnia aBancos y operaciones bancariasxMéxico  aCrédito agrícolaxMéxico  0aPolítica agrícolazMéxico aProyectosxEvaluación